Solution manual to accomapny: Principles of auditing (Record no. 2090)
[ view plain ]
| 000 -LEADER | |
|---|---|
| fixed length control field | 01211nam a2200157 4500 |
| 020 ## - INTERNATIONAL STANDARD BOOK NUMBER | |
| ISBN | 0256068054 |
| 050 ## - CALL NUMBER | |
| Classification number | HF 5635 |
| Item number | .So4 |
| 100 ## - AUTHOR | |
| Personal name | Walter B. Meigs |
| 110 ## - AUTHOR | |
| CORPORATE AUTHOR | O.Ray, Whittington, Kurt J. Pany, Meigs, M. Roberts |
| 245 ## - TITLE | |
| Title | Solution manual to accomapny: Principles of auditing |
| 250 ## - EDITION | |
| Edition statement | ninth edition |
| 260 ## - PUBLICATION INFORMATION | |
| Place of publication | United states of america |
| Name of publisher | Richard D. Irwin |
| Year of publication | 1989 |
| 300 ## - DESCRIPTION | |
| Number of Pages | iii, 295 pgs |
| 505 ## - FORMATTED CONTENTS NOTE | |
| Table of Content | The role of the auditor in the American econmy<br/>professional ethics<br/>legal liability of auditors<br/>The public Accounting profession; planning the audit<br/>Internal control<br/>Internal control over EDP activities<br/>Evidence- what kind and how much<br/>Audit sampling<br/>Audit working papers; quality control for CPA firms<br/>Designing audit programs; examination of general records<br/>Cash and marketable securities<br/>Accounts receivable, notes receivables and sales transactions<br/>Inventories and cost of goods sold<br/>property, plant and equipment: depreciation and depletion<br/>Accounts payable and other liabilities<br/>Debt and equity capital; loss contingencies<br/>Further verification of revenue and expenses; completing the audit<br/>Auditors' reports<br/>Other attestation and accounting services |
| 942 ## - ADDED ENTRY ELEMENTS (KOHA) | |
| Koha item type | Books |
| Withdrawn status | Lost status | Home library | Current library | Shelving location | Date acquired | Full call number | Accession Number | Koha item type |
|---|---|---|---|---|---|---|---|---|
| Methodist University Library Main | Methodist University Library Main | General Stacks | 01/07/2013 | HF 5635 .So4 | 38030 | Books |